Normal view
MARC view
Entry Personal Name
001 - CONTROL NUMBER
- control field: 10658
003 - CONTROL NUMBER IDENTIFIER
- control field: BD-RjUL
005 - DATE AND TIME OF LATEST TRANSACTION
- control field: 20231223113328.0
008 - FIXED-LENGTH DATA ELEMENTS
- fixed length control field: 231223|| aca||aabn | a|a d
040 ## - CATALOGING SOURCE
- Original cataloging agency: BD-RjUL
- Transcribing agency: BD-RjUL
100 ## - HEADING--PERSONAL NAME
- Personal name: سعدى شىرازى، مصلح الدىن Saadi Shirazi, Musleh al-Din
670 ## - SOURCE DATA FOUND
- Source citation: Work cat.: (BD-RjUL)82523: سعدى شىرازى، مصلح الدىن Saadi Shirazi, Musleh al-Din, نسخه صحىحۀ بوستان / Nuskhah-i ṣaḥīḥah-ʼi Būstān /, 1891